<?xml version="1.0" encoding="UTF-8"?>
<record
    xmlns:xsi="http://www.w3.org/2001/XMLSchema-instance"
    xsi:schemaLocation="http://www.loc.gov/MARC21/slim http://www.loc.gov/standards/marcxml/schema/MARC21slim.xsd"
    xmlns="http://www.loc.gov/MARC21/slim">

  <leader>00592cam a22002171  4500</leader>
  <controlfield tag="001">sa 65010177 </controlfield>
  <controlfield tag="003">DLC</controlfield>
  <controlfield tag="005">20260227112206.0</controlfield>
  <controlfield tag="008">961010s196u    pk            000 0 pusr </controlfield>
  <datafield tag="010" ind1=" " ind2=" ">
    <subfield code="a">sa 65010177 </subfield>
  </datafield>
  <datafield tag="025" ind1=" " ind2=" ">
    <subfield code="a">PL480:P-Pushto-234</subfield>
  </datafield>
  <datafield tag="035" ind1=" " ind2=" ">
    <subfield code="a">(OCoLC)35713103</subfield>
  </datafield>
  <datafield tag="040" ind1=" " ind2=" ">
    <subfield code="a">DLC</subfield>
    <subfield code="c">CLU</subfield>
    <subfield code="d">CLU</subfield>
    <subfield code="d">DLC</subfield>
  </datafield>
  <datafield tag="042" ind1=" " ind2=" ">
    <subfield code="a">premarc</subfield>
  </datafield>
  <datafield tag="050" ind1="0" ind2="0">
    <subfield code="a">PK6820.M265</subfield>
    <subfield code="b">S5</subfield>
  </datafield>
  <datafield tag="100" ind1="0" ind2=" ">
    <subfield code="a">Maghm&#x16B;m &#x2BB;Abd al-Dayy&#x101;n.</subfield>
  </datafield>
  <datafield tag="245" ind1="1" ind2="0">
    <subfield code="a">Shabnam-i sa&#x1E25;ar&#x12B;,</subfield>
    <subfield code="c">Maghm&#x16B;m &#x2BB;Abd al-Diy&#x101;n.</subfield>
  </datafield>
  <datafield tag="260" ind1=" " ind2=" ">
    <subfield code="a">Pish&#x101;war,</subfield>
    <subfield code="b">Kutub&#x2BB;kh&#x101;nah Ra&#x1E25;m&#x101;niyah</subfield>
    <subfield code="c">[196-?]</subfield>
  </datafield>
  <datafield tag="300" ind1=" " ind2=" ">
    <subfield code="a">102 p.</subfield>
    <subfield code="c">18 cm.</subfield>
  </datafield>
  <datafield tag="500" ind1=" " ind2=" ">
    <subfield code="a">Poems.</subfield>
  </datafield>
  <datafield tag="999" ind1=" " ind2=" ">
    <subfield code="c">66602</subfield>
    <subfield code="d">66602</subfield>
  </datafield>
</record>
